| 000 | 00506nam a2200169Ia 4500 | ||
|---|---|---|---|
| 999 |
_c35271 _d35271 |
||
| 003 | OSt | ||
| 005 | 20201218111140.0 | ||
| 008 | 190216s9999||||xx |||||||||||||| ||und|| | ||
| 040 | _coclc | ||
| 082 |
_a581 _bCHI/P |
||
| 100 |
_aChinery, Michael _97662 |
||
| 245 | 2 |
_aA Pictorial Dictionary Of The Plant World / _cMichael Chinery |
|
| 260 |
_bSampson Low Marston & Co Ltd _c1987. _aLondon: |
||
| 300 | _a248p | ||
| 650 | _aDictionaries | ||
| 942 |
_cREF _2ddc _h581 _iCHI/P _k581 _mCHI/P |
||